|
|
|
|
| LEADER |
02211nam a2200517 a 4500 |
| 001 |
nkc20142632892 |
| 003 |
CZ PrNK |
| 005 |
20150225080623.0 |
| 007 |
ta |
| 008 |
141105s2014 xr a c p 000 0 cze |
| 015 |
|
|
|a cnb002632892
|
| 020 |
|
|
|a 978-80-7271-207-6
|q (Ústav zemědělské ekonomiky a informací ;
|q brož.)
|
| 035 |
|
|
|a (OCoLC)897870139
|
| 040 |
|
|
|a ABA001
|b cze
|d OLA001
|
| 072 |
|
7 |
|a 613
|x Hygiena. Lidské zdraví
|2 Konspekt
|9 14
|
| 072 |
|
7 |
|a 37.016
|x Učební osnovy. Vyučovací předměty. Učebnice
|2 Konspekt
|9 22
|
| 080 |
|
|
|a 613:37.03
|2 MRF
|
| 080 |
|
|
|a 613.2
|2 MRF
|
| 080 |
|
|
|a 612.39
|2 MRF
|
| 080 |
|
|
|a (075.2)
|2 MRF
|
| 080 |
|
|
|a (076.1)
|2 MRF
|
| 100 |
1 |
|
|a Hrnčířová, Dana
|7 xx0083083
|4 aut
|
| 245 |
1 |
0 |
|a Výživa ve výchově ke zdraví :
|b pracovní sešity pro žáky 6. a 7. ročníků ZŠ /
|c Dana Hrnčířová
|
| 250 |
|
|
|a Souborné vyd.
|
| 260 |
|
|
|a Praha :
|b Ústav zemědělské ekonomiky a informací :
|b Ministerstvo zemědělství ČR, Odbor bezpečnosti potravin,
|c 2014
|
| 300 |
|
|
|a 56 s. :
|b barev. il. ;
|c 29 cm
|
| 500 |
|
|
|a Pod názvem: Ministerstvo zemědělství ČR, Ústav zemědělské ekonomiky a informací, 3. lékařská fakulta University Karlovy
|
| 650 |
0 |
7 |
|a výchova ke zdraví
|7 ph127426
|2 czenas
|
| 650 |
0 |
7 |
|a racionální výživa
|7 ph124968
|2 czenas
|
| 650 |
0 |
7 |
|a výživa člověka
|7 ph127487
|2 czenas
|
| 650 |
0 |
9 |
|a health education
|2 eczenas
|
| 650 |
0 |
9 |
|a healthy eating
|2 eczenas
|
| 650 |
0 |
9 |
|a human nutrition
|2 eczenas
|
| 655 |
|
7 |
|a učebnice základních škol
|7 fd133773
|2 czenas
|
| 655 |
|
7 |
|a pracovní sešity
|7 fd133116
|2 czenas
|
| 655 |
|
9 |
|a textbooks (elementary)
|2 eczenas
|
| 655 |
|
9 |
|a activity books
|2 eczenas
|
| 710 |
1 |
|
|a Česko.
|b Ministerstvo zemědělství
|7 kn20010725025
|
| 710 |
2 |
|
|a Ústav zemědělské ekonomiky a informací
|7 ko2008447479
|
| 710 |
2 |
|
|a Univerzita Karlova.
|b Lékařská fakulta, 3.
|7 kn20010709368
|
| 910 |
2 |
|
|a BOA001
|b 4-1338.461
|
| 928 |
9 |
|
|a Ministerstvo zemědělství České republiky, Odbor bezpečnosti potravin
|
| 990 |
|
|
|a BK
|
| 995 |
|
|
|a 01
|
| 991 |
|
|
|b 201502
|c NOV
|e n
|
| 996 |
6 |
|
|b 2610618175
|c 4-1338.461
|l MZK
|r Sklad / do 1 hodiny
|n 1
|p p.v.
|w 001482404
|u 000010
|a 1
|e BOA001
|j MZK50
|s P
|